Two Steps From Hell Quiz - Statistics

General Stats
  • This quiz has been taken 10 times
  • The average score is 12 of 19
Answer Stats
Hint Answer % Correct
The album where Star Sky and Flight of Silverbird are Battlecry
88%
Year ended 2024
75%
What kind of music do they make? Epic music
75%
Most listened songs on Spotify Heart of Courage
75%
Where does their music appear? Movie trailers
75%
Musician Nick Phoenix
75%
Their nationalities Norway
75%
Their nationalities United Kingdom
75%
Year established 2006
63%
Albums whose titles are also famous songs Archangel
63%
Their slogan Music makes you braver
63%
Musician Thomas Bergersen
63%
The album where Impossible and Never Give up on Your Dreams are Unleashed
63%
Most listened songs on Spotify Victory
63%
The language often used in their choir Bulgarian
50%
Albums whose titles are also famous songs Invincible
50%
Albums whose titles are also famous songs SkyWorld
50%
Their most notable singer Merethe Soltvedt
38%
Most listened songs on Spotify Strength of a Thousand Men
38%
No matching quizzes found
Score Distribution
Percent of People with Each Score
Percentile by Number Answered
Your Score History
You have not taken this quiz